[Event "Mechanics' Winter TNM; 30/90, SD/30"]
[Site "San Francisco"]
[Date "2014.01.07"]
[Round "1.7"]
[White "Morton, Adam"]
[Black "James, Charles"]
[Result "1-0"]
[WhiteElo "2033"]
[BlackElo "1529"]
[PlyCount "57"]
[EventDate "2014.??.??"]

1. d4 f5 2. Nc3 Nf6 3. Bg5 g6 4. h4 Bg7 5. Qd2 h6 6. Bf4 d6 7. Nf3 Ne4 8. Qe3
c6 9. Nxe4 fxe4 10. Nd2 d5 11. f3 Qb6 12. Nb3 e5 13. dxe5 Qxe3 14. Bxe3 Bxe5
15. O-O-O exf3 16. exf3 Bg3 17. c4 Be6 18. Nc5 Bc8 19. cxd5 b6 20. Ne4 Bc7 21.
dxc6 Nxc6 22. Bb5 Bb7 23. Nd6+ Bxd6 24. Rxd6 Rc8 25. Re1 Ke7 26. Bf4+ Ne5+ 27.
Kb1 Rhd8 28. Rxd8 Rxd8 29. Bxe5 1-0

[Event "Mechanics' Whitehead TNM; 30/90, SD/30"]
[Site "San Francisco"]
[Date "2014.08.12"]
[Round "2.4"]
[White "Nagarajan, Pranav"]
[Black "Chen, Mingson"]
[Result "1-0"]
[WhiteElo "2157"]
[BlackElo "1900"]
[PlyCount "40"]
[EventDate "2014.??.??"]

1. d4 e6 2. c4 d5 3. Nc3 c5 4. cxd5 cxd4 5. Qa4+ Bd7 6. Qxd4 exd5 7. Qxd5 Nc6
8. Nf3 Nf6 9. Qd1 Bc5 10. e3 Qe7 11. Be2 O-O 12. O-O Rfd8 13. a3 Be6 14. Qa4 a6
15. b4 Ba7 16. Bb2 b5 17. Qxa6 Rdc8 18. Qxb5 Rab8 19. Qg5 h6 20. Qf4 Bf5 1-0

[Event "Mechanics' Whitehead TNM; 30/90, SD/30"]
[Site "San Francisco"]
[Date "2014.09.16"]
[Round "7.2"]
[White "Nagarajan, Pranav"]
[Black "Fuentes, Romulo"]
[Result "1-0"]
[WhiteElo "2157"]
[BlackElo "2215"]
[PlyCount "35"]
[EventDate "2014.??.??"]

1. d4 Nf6 2. c4 e5 3. dxe5 Ng4 4. Nf3 Bc5 5. e3 Nc6 6. Nc3 O-O 7. Be2 Re8 8.
O-O Ngxe5 9. Nxe5 Nxe5 10. b3 a5 11. Bb2 d6 12. Qc2 c6 13. Na4 Qe7 14. Nxc5
dxc5 15. Qd2 a4 16. Qc3 f6 17. Rad1 axb3 18. axb3 {Remaining moves unavailable.
} 1-0

[Event "Mechanics' Whitehead TNM; 30/90, SD/30"]
[Site "San Francisco"]
[Date "2014.08.26"]
[Round "4.5"]
[White "Nagarajan, Pranav"]
[Black "Krasnov, Steven"]
[Result "1-0"]
[WhiteElo "2157"]
[BlackElo "2002"]
[Annotator "Donaldson"]
[PlyCount "39"]
[EventDate "2014.??.??"]

1. d4 d5 2. c4 c6 3. Nc3 Nf6 4. e3 a6 5. Nf3 b5 6. b3 Nbd7 7. Bd3 Qc7 8. Bb2
Rb8 9. cxd5 cxd5 10. Rc1 Qd6 11. O-O e6 12. e4 $1 dxe4 13. Nxe4 Nxe4 14. Bxe4
Be7 (14... Nf6 15. Bc6+ Bd7 16. d5 $18) 15. d5 O-O 16. dxe6 Qxd1 17. exf7+ Kxf7
18. Rfxd1 Bb7 19. Rxd7 Bxe4 20. Rcc7 1-0

[Event "Mechanics' Whitehead TNM; 30/90, SD/30"]
[Site "San Francisco"]
[Date "2014.09.30"]
[Round "9.1"]
[White "Nagarajan, Pranav"]
[Black "Lee, Andy"]
[Result "0-1"]
[WhiteElo "2157"]
[BlackElo "2361"]
[Annotator "Donaldson"]
[PlyCount "144"]
[EventDate "2014.??.??"]

1. d4 Nf6 2. c4 c5 3. d5 b5 4. cxb5 a6 5. b6 e6 6. Nc3 Nxd5 7. Nxd5 exd5 8.
Qxd5 Nc6 9. e3 Be7 10. Bc4 O-O 11. Nf3 Rb8 12. O-O Rxb6 13. Bd2 Nb4 14. Bxb4
Rxb4 15. b3 Bb7 16. Qd2 d5 17. Be2 Bd6 18. Rab1 Qf6 19. h3 Bb8 20. a3 Re4 21.
Rfc1 Qd6 22. Qc2 d4 23. Bd3 Re7 24. e4 f5 25. Re1 fxe4 26. Bxe4 Bxe4 27. Rxe4
Ref7 28. Qc4 Kh8 29. Rbe1 Rxf3 $1 30. gxf3 Qh2+ 31. Kf1 {Diagram #} Bg3 $1 32.
Ke2 Qxf2+ 33. Kd1 Qxf3+ 34. Kc2 Bxe1 35. Rxe1 h6 36. h4 Qf2+ 37. Re2 Qf5+ 38.
Qd3 Qxd3+ 39. Kxd3 Rf3+ 40. Kc4 Rc3+ 41. Kd5 Rxb3 42. Kxc5 Rxa3 43. Kxd4 Ra4+
44. Ke3 Rxh4 45. Ra2 Rg4 46. Rxa6 Kh7 47. Kf3 h5 48. Rb6 g6 49. Rc6 Kh6 50. Ra6
Kg5 51. Rb6 Ra4 52. Kg2 Ra2+ 53. Kh3 Ra3+ 54. Kg2 h4 55. Rb5+ Kg4 56. Rb4+ Kh5
57. Rb8 g5 58. Rb4 Rg3+ 59. Kh2 Rg4 60. Rb8 Re4 61. Rh8+ Kg4 62. Ra8 Re2+ 63.
Kh1 Kf3 64. Ra3+ Re3 65. Ra4 g4 66. Ra1 Kf2 67. Ra2+ Re2 68. Rxe2+ Kxe2 69. Kg2
g3 70. Kh1 h3 71. Kg1 g2 72. Kh2 Kf1 0-1

[Event "Mechanics' Fall TNM; 30/90, SD/30"]
[Site "San Francisco"]
[Date "2014.10.28"]
[Round "2.7"]
[White "Nagarajan, Pranav"]
[Black "Maser, Tom"]
[Result "1-0"]
[WhiteElo "2172"]
[BlackElo "1914"]
[Annotator "Donaldson"]
[PlyCount "25"]
[EventDate "2014.??.??"]

1. d4 d5 2. c4 dxc4 3. e4 e5 4. Nf3 exd4 5. Bxc4 Bb4+ 6. Nbd2 Nc6 7. O-O Nf6 8.
e5 Nd5 9. Nb3 O-O $2 (9... Nb6 {has been long been recognized as best here.
Now White gets a big initiative at no cost in material.}) 10. Nbxd4 Nxd4 $2 (
10... Nce7) 11. Qxd4 Nb6 12. Bxf7+ $1 Rxf7 $4 (12... Kxf7 13. Qxb4 Kg8 {
and Black is losing, but can still struggle for some time.}) 13. Qxd8+ 1-0

[Event "Mechanics' Whitehead TNM; 30/90, SD/30"]
[Site "San Francisco"]
[Date "2014.09.02"]
[Round "5.2"]
[White "Nagarajan, Pranav"]
[Black "Tsodikova, Natalya"]
[Result "1/2-1/2"]
[WhiteElo "2157"]
[BlackElo "2162"]
[Annotator "Donaldson"]
[PlyCount "72"]
[EventDate "2014.??.??"]

1. d4 Nf6 2. c4 g6 3. Nc3 Bg7 4. e4 d6 5. Nge2 O-O 6. Ng3 e5 7. d5 a5 8. Be2
Na6 9. h4 h5 10. Bg5 Qe8 11. Qd2 Nc5 12. Bh6 Nh7 13. O-O-O Bd7 14. Rdg1 Qe7 15.
Bxg7 Kxg7 16. Nf1 Qf6 17. f3 Qf4 18. Ne3 f5 19. g3 Qh6 20. g4 hxg4 21. fxg4
fxg4 22. Bxg4 Bxg4 23. Rxg4 Kh8 24. Rhg1 Rg8 25. Nf1 Qxd2+ 26. Nxd2 Nd3+ 27.
Kc2 Nf4 28. Kd1 Nf6 29. R4g3 Rg7 30. Ne2 N6h5 31. Nxf4 Nxf4 (31... Nxg3 32. Ne6
Nh5 33. Nxg7 Kxg7 $11) 32. h5 Nxh5 33. Rxg6 Rxg6 34. Rxg6 Nf4 35. Rg3 Rg8 36.
Nf1 Rxg3 1/2-1/2

[Event "Mechanics' Fall TNM; 30/90, SD/30"]
[Site "San Francisco"]
[Date "2014.12.02"]
[Round "6.5"]
[White "Nagarajan, Pranav"]
[Black "Walder, Michael"]
[Result "1-0"]
[WhiteElo "2172"]
[BlackElo "2130"]
[Annotator "Donaldson"]
[PlyCount "140"]
[EventDate "2014.??.??"]

1. d4 Nf6 2. c4 e6 3. Nc3 Bb4 4. e3 c5 5. Bd3 O-O 6. Nge2 cxd4 7. exd4 Nc6 8.
a3 Be7 9. Bc2 d5 10. cxd5 Nxd5 11. O-O b6 12. Qd3 g6 13. Bh6 Re8 14. Rad1 Bb7
15. Qf3 (15. Rfe1 {(is the main try here. The test is a novelty.} Rc8 16. Qg3 {
or} (16. Bb3 {with equal chances.})) 15... Na5 16. Be4 Rc8 17. Nxd5 exd5 18.
Bd3 Nc4 19. Rc1 Ba8 (19... Bd6) 20. Rc2 Nd6 21. Rxc8 Qxc8 22. Rc1 Qd8 23. Qf4
Ne4 $2 (23... Nc4 $1 $11) 24. Qc7 (24. Bb5 Bd6 25. Qg4 $16) 24... Bd6 25. Qxd8
Rxd8 26. f3 Nf6 27. Bg5 Kg7 28. Bf4 Bb7 29. g4 Bxf4 30. Nxf4 g5 31. Ne2 (31.
Rc7 $1 gxf4 (31... Rd7 $4 32. Nh5+ $1) 32. Rxb7 Rd7 $14) 31... Rc8 32. Rxc8
Bxc8 $11 33. Ng3 Kf8 34. Kf2 Ke7 35. Ke3 Kd6 36. h3 h6 37. b3 a5 38. Bb5 Nh7
39. Be8 Ke7 40. Bc6 Kd6 41. Be8 Ke7 42. Bb5 Nf8 43. Bd3 Bd7 44. f4 gxf4+ 45.
Kxf4 Ne6+ 46. Ke3 Ng7 47. Kf4 Kf6 48. h4 Ne6+ 49. Ke3 Ng7 50. Be2 Bc8 51. Bf3
Ke6 52. Ne2 Kd6 53. Nf4 Be6 54. Nd3 h5 $6 (54... Bc8 $11) 55. gxh5 Nf5+ 56. Kf4
f6 57. Bg4 Nxd4 58. h6 Bg8 59. Ke3 Ne6 $2 (59... Nc6 60. Bf5 Ne7) 60. Bf5 $18
Nf8 61. Nf4 Bh7 62. Bxh7 Nxh7 63. Kd4 f5 64. Nxd5 b5 65. b4 axb4 66. axb4 Ke6
67. Nc7+ Kf6 68. Nxb5 Kg6 69. Ke5 Nf8 70. Nd4 Nd7+ 1-0

[Event "Mechanics' Fall TNM; 30/90, SD/30"]
[Site "San Francisco"]
[Date "2014.12.16"]
[Round "8.25"]
[White "Nagle, Michael"]
[Black "Ayinala, Sankar"]
[Result "1-0"]
[WhiteElo "1448"]
[BlackElo "856"]
[PlyCount "39"]
[EventDate "2014.??.??"]

1. e4 c5 2. Nf3 Nc6 3. d4 cxd4 4. Nxd4 e6 5. Nc3 Nge7 6. Be3 a6 7. Be2 g6 8.
Qd2 Bg7 9. O-O-O O-O 10. h4 e5 11. Nf3 Qc7 12. Bh6 d6 13. Bxg7 Kxg7 14. h5 f5
15. hxg6 Nxg6 16. Qh6+ Kg8 17. Bc4+ Kh8 18. Qxg6 Qg7 19. Qxg7+ Kxg7 20. Rxd6
1-0

[Event "Mechanics' Fall TNM; 30/90, SD/30"]
[Site "San Francisco"]
[Date "2014.10.28"]
[Round "2.29"]
[White "Nagle, Michael"]
[Black "Cohee, James"]
[Result "0-1"]
[WhiteElo "1448"]
[BlackElo "1660"]
[PlyCount "40"]
[EventDate "2014.??.??"]

1. e4 c5 2. Nf3 e6 3. d4 cxd4 4. Nxd4 a6 5. Bd3 Bc5 6. Nf3 d6 7. Nc3 Nf6 8. O-O
O-O 9. Bg5 Nbd7 10. Re1 Qc7 11. Kh1 Ng4 12. Be3 Bxe3 13. Rf1 Nxf2+ 14. Rxf2
Bxf2 15. Ng5 Ne5 16. Qh5 h6 17. Nh3 Nxd3 18. cxd3 Bd4 19. Rf1 Bxc3 20. bxc3 d5
0-1

[Event "Mechanics' SummerTNM; 30/90, SD/30"]
[Site "San Francisco"]
[Date "2014.06.17"]
[Round "4.36"]
[White "Nagle, Michael"]
[Black "Frank, Robert"]
[Result "1-0"]
[WhiteElo "1402"]
[BlackElo "1341"]
[PlyCount "41"]
[EventDate "2014.??.??"]

1. e4 e5 2. Nf3 Nf6 3. Nxe5 d6 4. Nf3 Nxe4 5. Nc3 Nxc3 6. dxc3 Nc6 7. Be3 Bg4
8. Be2 Qf6 9. Bg5 Qe6 10. O-O h6 11. Bf4 g5 12. Re1 O-O-O 13. Bd3 Bxf3 14. Qxf3
Qd7 15. Bxg5 hxg5 16. Bf5 Bh6 17. Bxd7+ Rxd7 18. Qf6 Rh7 19. Re8+ Nd8 20. Rxd8+
Rxd8 21. Qf5+ 1-0

[Event "Mechanics' Whitehead TNM; 30/90, SD/30"]
[Site "San Francisco"]
[Date "2014.09.30"]
[Round "9.21"]
[White "Nagle, Michael"]
[Black "Matz, James"]
[Result "0-1"]
[WhiteElo "1449"]
[BlackElo "1785"]
[Annotator "Donaldson"]
[PlyCount "106"]
[EventDate "2014.??.??"]

1. e4 e6 2. d4 d5 3. Nc3 Bb4 4. e5 Ne7 5. a3 Bxc3+ 6. bxc3 Bd7 7. Qg4 Ng6 8.
Bd3 c5 9. Nf3 cxd4 10. cxd4 Nc6 11. O-O Qb6 12. Be3 O-O-O 13. Ng5 Rdf8 14. Rfb1
Qd8 15. Qe2 f6 16. Ba6 Na5 17. Bxb7+ Nxb7 18. Qa6 Qc7 19. Bd2 fxg5 20. Ba5 Qxa5
21. Qxb7+ Kd8 22. Qb8+ Ke7 23. Qd6+ Kf7 24. Qxd7+ Ne7 25. Rb7 Qd8 26. Qa4 Kg6
27. Qxa7 Re8 28. Rab1 Rhf8 29. R1b6 Kh5 30. Rxe6 g6 31. Rexe7 h6 32. Rxe8 Qxe8
33. Qc5 Qd8 34. c4 dxc4 35. Qxc4 Rf4 36. Rb4 Re4 37. f3 Rf4 38. Kf2 g4 39. e6
Qh4+ 40. Ke3 gxf3 41. Rb5+ g5 42. gxf3 Qe1+ 43. Kd3 Rxf3+ 44. Kc2 Rf2+ 45. Kb3
Rf3+ 46. Ka2 Qe3 47. Rb3 Rf2+ 48. Rb2 Rf3 49. Rb3 Rf2+ 50. Rb2 Rf3 51. Qb3 Qe4
52. Qd1 Qxe6+ 53. Ka1 g4 {and Black later won in mutual time pressure.} 0-1

[Event "Mechanics' Fall TNM; 30/90, SD/30"]
[Site "San Francisco"]
[Date "2014.11.18"]
[Round "4.46"]
[White "Nagle, Michael"]
[Black "Otterbach, Renate"]
[Result "1-0"]
[WhiteElo "1448"]
[BlackElo "1044"]
[PlyCount "57"]
[EventDate "2014.??.??"]

1. e4 e6 2. d4 d5 3. Nc3 c5 4. Be3 Qb6 5. dxc5 Qxb2 6. Nb5 Na6 7. exd5 exd5 8.
Bd3 Qe5 9. Nf3 Qe6 10. O-O Nf6 11. Re1 Be7 12. Ng5 Qc6 13. Nd6+ Bxd6 14. cxd6
O-O 15. Bf4 Nc5 16. Rb1 b6 17. Bb5 Qb7 18. Re7 Qb8 19. Qf3 Ncd7 20. Bc6 Rd8 21.
Bxa8 Qxa8 22. Rbe1 Bb7 23. Qh3 h6 24. Nxf7 Re8 25. Rxe8+ Nxe8 26. Qxd7 Nf6 27.
Qd8+ Kxf7 28. Qxa8 Bxa8 29. Re7+ 1-0

[Event "Mechanics' Whitehead TNM; 30/90, SD/30"]
[Site "San Francisco"]
[Date "2014.09.09"]
[Round "6.18"]
[White "Nagle, Michael"]
[Black "Rosenstein, Perry"]
[Result "1/2-1/2"]
[WhiteElo "1449"]
[BlackElo "1767"]
[PlyCount "115"]
[EventDate "2014.??.??"]

1. e4 c5 2. Nf3 d6 3. d4 cxd4 4. Nxd4 Nf6 5. Nc3 g6 6. Be3 Bg7 7. f3 O-O 8. Bc4
Nc6 9. Qd2 Bd7 10. O-O-O Rc8 11. Bb3 Ne5 12. Kb1 a5 13. a3 Nc4 14. Bxc4 Rxc4
15. h4 Qb8 16. g4 b5 17. b3 Rc7 18. h5 b4 19. axb4 Qxb4 20. Na2 Qa3 21. Qc1
Qxc1+ 22. Nxc1 a4 23. hxg6 fxg6 24. Bh6 Rfc8 25. Bxg7 Kxg7 26. bxa4 Bxa4 27.
Ne6+ Kg8 28. Nxc7 Rxc7 29. Rd2 Rb7+ 30. Ka2 Ra7 31. Kb2 Rb7+ 32. Nb3 Kg7 33.
Rdh2 Bd7 34. g5 Nh5 35. Kc3 Be6 36. Nd4 Bg8 37. Ra1 Rc7+ 38. Kd2 Ng3 39. Rg2
Nh5 40. Rgg1 Rc4 41. c3 Rc7 42. Ra8 Nf4 43. Rga1 Nh3 44. R1a7 Rxa7 45. Rxa7 Kf8
46. Nc6 Nxg5 47. Nxe7 Nxf3+ 48. Ke3 Ne5 49. Nxg8 Kxg8 50. Ra6 Kf7 51. Kd4 Ke6
52. c4 Kd7 53. Ra7+ Kc6 54. Rxh7 g5 55. Rg7 g4 56. Rg8 Nf3+ 57. Kc3 Ne5 58. Kb4
1/2-1/2

[Event "Mechanics' Whitehead TNM; 30/90, SD/30"]
[Site "San Francisco"]
[Date "2014.08.26"]
[Round "4.13"]
[White "Nagle, Michael"]
[Black "Traub, Igor"]
[Result "0-1"]
[WhiteElo "1449"]
[BlackElo "2078"]
[Annotator "Donaldson"]
[PlyCount "53"]
[EventDate "2014.??.??"]

1. e4 d5 2. exd5 Nf6 3. Nc3 Nxd5 4. d4 e6 5. Nf3 Be7 6. Bd3 O-O 7. O-O c5 8.
dxc5 (8. Nxd5 exd5 (8... Qxd5 9. c4 Qd8 10. Bf4 cxd4 11. Nxd4) 9. dxc5) 8...
Nxc3 9. bxc3 Nd7 (9... Bxc5 10. Bxh7+ Kxh7 11. Ng5+ Kg6 12. Qg4 f5 13. Qg3 Bd6
14. f4 Kf6 15. Be3) 10. Be3 (10. c6 bxc6 11. Bf4) 10... Nxc5 11. Be2 (11. Bd4
Nxd3 12. cxd3 $11) 11... Qa5 12. c4 Rd8 13. Qe1 Qa3 14. Bxc5 Qxc5 15. Qc3 Bf6
16. Qb3 Bxa1 17. Rxa1 b6 18. h4 Bb7 19. Ng5 Rd2 20. Re1 Rad8 21. Qg3 h6 22. Nh3
Rxc2 23. Nf4 Qb4 24. Nd3 Qd6 25. Qe3 Rxe2 26. Rxe2 Qxd3 27. Qf4 0-1

[Event "Mechanics' SummerTNM; 30/90, SD/30"]
[Site "San Francisco"]
[Date "2014.07.08"]
[Round "7.18"]
[White "Nagle, Michael"]
[Black "Wang, Yuan"]
[Result "0-1"]
[WhiteElo "1402"]
[BlackElo "1887"]
[PlyCount "40"]
[EventDate "2014.??.??"]

1. e4 c5 2. Nf3 d6 3. d4 cxd4 4. Nxd4 Nf6 5. Nc3 g6 6. Be3 Bg7 7. Qd2 Nc6 8.
Bc4 O-O 9. f3 Bd7 10. h4 Qa5 11. O-O-O Rfc8 12. g4 $4 Nxd4 13. Qxd4 Nxg4 14.
Bxf7+ Kxf7 15. Qd2 Bxc3 16. bxc3 Qa3+ 17. Kb1 Be6 18. Qd4 Bxa2+ 19. Ka1 Bb3+
20. Kb1 Qa2+ 0-1

[Event "Mechanics' Whitehead TNM; 30/90, SD/30"]
[Site "San Francisco"]
[Date "2014.09.30"]
[Round "9.12"]
[White "Newey, Richard"]
[Black "Allen, Tom"]
[Result "1-0"]
[WhiteElo "1747"]
[BlackElo "1440"]
[Annotator "Donaldson"]
[PlyCount "49"]
[EventDate "2014.??.??"]

1. e4 e5 2. Nf3 Nc6 3. Nc3 Nf6 4. Bb5 Be7 5. Bxc6 dxc6 6. Nxe5 {Diagram #} Qd4
$2 (6... Nxe4 7. Nxe4 Qd4 {recovers the piece with equal chances.}) 7. Nf3 Qb6
8. O-O Bg4 9. Kh1 O-O-O 10. Qe2 h5 11. a3 h4 12. h3 Bh5 13. b4 a6 14. d3 c5 15.
Be3 g5 16. bxc5 Bxc5 17. Na4 Qa5 18. Nxc5 g4 19. Qd2 Qb5 20. Rfb1 Qe8 21. Ng5
gxh3 22. gxh3 Qe5 23. f4 Qe7 24. Rxb7 Nxe4 25. Rb8+ 1-0

[Event "Mechanics' Fall TNM; 30/90, SD/30"]
[Site "San Francisco"]
[Date "2014.10.21"]
[Round "1.34"]
[White "Newey, Richard"]
[Black "Bayaraa, Bilguun"]
[Result "1-0"]
[WhiteElo "1747"]
[BlackElo "639"]
[Annotator "Donaldson"]
[PlyCount "53"]
[EventDate "2014.??.??"]

1. e4 e5 2. Nf3 d6 3. h3 $6 (3. d4) (3. Bc4) 3... a6 $6 (3... Nf6) (3... Nc6)
4. Bc4 g6 5. d3 (5. d4 $1) 5... b5 6. Bd5 Bd7 $2 (6... c6) 7. Ng5 (7. Bxa8)
7... Be6 8. Bxa8 Bg7 9. Bd5 Bxd5 10. exd5 Nd7 11. Qf3 Ngf6 12. Nc3 O-O 13. O-O
Nc5 14. Re1 Qe7 15. Nge4 b4 16. Nxf6+ Bxf6 17. Ne4 Nd7 18. Nxf6+ Qxf6 19. Qg4
Nb6 20. Bh6 Re8 21. Qe4 Na4 22. Qxb4 Nc5 23. Qg4 Rb8 24. b3 a5 25. Re3 Rb4 26.
Qc8+ Qd8 27. Qxd8# 1-0

[Event "Mechanics' Spring TNM; 30/90, SD/30"]
[Site "San Francisco"]
[Date "2014.04.01"]
[Round "3.25"]
[White "Newey, Richard"]
[Black "Cheng, Andrew"]
[Result "1-0"]
[WhiteElo "1807"]
[BlackElo "1421"]
[Annotator "Donaldson"]
[PlyCount "161"]
[EventDate "2014.??.??"]

1. e4 e5 2. Nf3 Nc6 3. Bc4 h6 4. O-O Nf6 5. d4 Nxd4 6. Nxe5 (6. Bxf7+ Kxf7 7.
Nxe5+) 6... Ne6 7. Nc3 Bb4 8. Nd5 (8. Bxe6 fxe6 (8... dxe6 9. Qxd8+ Kxd8 10.
Nxf7+) 9. Ng6) 8... Bd6 9. Nxf6+ Qxf6 10. Nf3 O-O 11. Re1 Be5 12. Nxe5 Qxe5 13.
c3 b5 14. Qd5 Qxd5 15. Bxd5 c6 16. Bb3 Bb7 17. a4 a5 18. f3 Nc5 19. Bc2 Rfe8
20. Be3 Ne6 21. Red1 Red8 22. axb5 cxb5 23. Bb6 Rdc8 24. Bxa5 Bc6 25. Bb4 Nf4
26. Ra3 g5 27. Rda1 f6 28. Bd6 Ng6 29. Bb3+ Kg7 30. Ra7 Ne5 31. Bxe5 fxe5 32.
Bd5 Bxd5 33. exd5 Rxa7 34. Rxa7 Rd8 35. Rb7 Kg6 36. Rxb5 d6 37. Rb6 Kf5 38. Kf2
e4 39. c4 exf3 40. Kxf3 Ke5 41. Ke3 Rf8 42. Rb7 Re8 43. b3 Kf6+ 44. Kf3 Rf8 45.
Kg3 h5 46. Kf2 Ke5+ 47. Ke2 Re8 48. Rb6 Kd4+ 49. Kd2 Re3 50. c5 Rd3+ 51. Ke2
Re3+ 52. Kf2 Kxc5 (52... dxc5) 53. Rxd6 (53. Kxe3 Kxb6 54. Ke4) 53... Rxb3 54.
Rg6 g4 (54... Rb2+) 55. Rg5 Rb2+ 56. Kg3 Rb3+ 57. Kf4 Rb4+ 58. Ke5 Rd4 59. Ke6
h4 60. Ke7 h3 61. g3 Re4+ 62. Kf6 Kd6 63. Kf5 Kxd5 64. Rxg4 Re2 65. Rh4 Rxh2
66. Kg4 Ke4 $2 (66... Rf2 67. Rxh3 Ke6 $11 {the Black king should be in front
of the pawn and his rook on the 3rd rank which draws easily.}) 67. Rxh3 Rg2 (
67... Ra2 68. Rh1 Ke5 69. Kg5 Ke6 70. Rf1) 68. Rh1 Ke3 69. Rf1 Rh2 70. Kg5 Rh8
71. g4 Rg8+ 72. Kh4 Ke4 (72... Rh8+ 73. Kg3 Ke4 74. g5 Ke5 75. Kg4 Ke6 76. g6
Ke7 77. Kg5) 73. g5 Ke5 74. Kh5 Rc8 75. g6 Rh8+ 76. Kg5 Ke6 77. g7 Rg8 78. Kg6
Ke7 79. Re1+ Kd6 80. Kf7 Rxg7+ 81. Kxg7 1-0

[Event "Mechanics' Whitehead TNM; 30/90, SD/30"]
[Site "San Francisco"]
[Date "2014.08.19"]
[Round "3.8"]
[White "Newey, Richard"]
[Black "Gaffagan, Steven"]
[Result "0-1"]
[WhiteElo "1747"]
[BlackElo "2129"]
[Annotator "Donaldson"]
[PlyCount "84"]
[EventDate "2014.??.??"]

1. e4 c5 2. Nc3 e6 3. g3 d5 4. exd5 exd5 5. d4 Nf6 6. Bg2 Nc6 7. dxc5 d4 8.
Nce2 Bxc5 9. Nf3 O-O 10. O-O Bf5 11. Ne1 Bb6 12. Nd3 h6 13. h3 Re8 14. a3 Rc8
15. b4 Ne5 16. Bxb7 {Diagram #} Rxc2 $1 17. Nef4 (17. Qxc2 Bxd3 18. Qa2 Bc4 19.
Qb2 Nd5 $1 $19) 17... Qc7 18. Bg2 Nxd3 19. Nxd3 Qc3 $19 20. Re1 Bxd3 21. Rxe8+
Nxe8 22. Bf4 Nf6 23. Rc1 Rxc1 24. Bxc1 Be4 25. Bd2 Qc6 26. b5 Qxb5 27. Bb4 Bxg2
28. Kxg2 Qd5+ 29. Kg1 d3 30. Be7 Qe5 31. Bxf6 Qxg3+ 32. Kh1 Qxh3+ 33. Kg1 Qg3+
34. Kh1 Bxf2 35. Qf1 Qf3+ 36. Qg2 Qd1+ 37. Kh2 Qh5+ 38. Qh3 Bg1+ 39. Kg2 Qxh3+
40. Kxh3 gxf6 41. Kg2 Bc5 42. Kf3 h5 0-1

[Event "Mechanics' Spring TNM; 30/90, SD/30"]
[Site "San Francisco"]
[Date "2014.05.06"]
[Round "8.14"]
[White "Newey, Richard"]
[Black "Hakobyan, Sos"]
[Result "0-1"]
[WhiteElo "1807"]
[BlackElo "1787"]
[PlyCount "84"]
[EventDate "2014.??.??"]

1. e4 e6 2. d4 d5 3. Nd2 Nf6 4. e5 Nfd7 5. Bd3 c5 6. c3 Nc6 7. Ngf3 cxd4 8.
cxd4 f6 9. Qe2 Be7 10. O-O fxe5 11. Nxe5 Ndxe5 12. dxe5 g6 13. Nf3 Qb6 14. Bh6
Bd7 15. a3 Nd4 16. Nxd4 Qxd4 17. Rac1 Qh4 18. Qd2 g5 19. Bg7 Rg8 20. Bf6 Bxf6
21. exf6 Rf8 22. Qc2 Rxf6 23. Bxh7 Rc8 24. Bg6+ Ke7 25. Qd3 Rxc1 26. Rxc1 Qxf2+
27. Kh1 Qxb2 28. Rb1 Qf2 29. Bh5 Qf5 30. Qd1 e5 31. h3 Bc6 32. Qb3 Qe4 33. Bf3
Qc4 34. Qxc4 dxc4 35. Bxc6 Rxc6 36. Rxb7+ Kd6 37. Rb2 c3 38. Rc2 Kd5 39. Kg1
Kd4 40. Kf1 Kd3 41. Rc1 Kd2 42. Re1 Rf6+ 0-1

[Event "Mechanics' Whitehead TNM; 30/90, SD/30"]
[Site "San Francisco"]
[Date "2014.09.09"]
[Round "6.20"]
[White "Newey, Richard"]
[Black "Hilliard, Michael"]
[Result "1-0"]
[WhiteElo "1747"]
[BlackElo "1400"]
[Annotator "Donaldson"]
[PlyCount "63"]
[EventDate "2014.??.??"]

1. e4 c6 2. c4 e6 3. Nc3 Bc5 4. Nf3 Nf6 5. d4 Bb6 6. Bg5 h6 7. Bh4 g5 8. Bg3 d5
9. cxd5 cxd5 10. Be5 Ba5 11. Bb5+ Nc6 12. O-O Bxc3 13. bxc3 O-O 14. Bxf6 Qxf6
15. e5 Qe7 16. Re1 Bd7 17. a4 Rac8 18. Re3 Na5 19. Bd3 Rxc3 $2 (19... Kg7 $14)
20. Bh7+ Kxh7 21. Rxc3 Nc4 22. Nd2 Nxd2 23. Qxd2 Qb4 24. Qd3+ Kg7 25. Rb3 Qa5
26. Rxb7 Bc6 27. Rb2 a6 28. h3 Bb5 29. Qf3 f5 30. Qh5 Qc3 31. Rab1 Bc6 32. Rb7+
1-0

[Event "Mechanics' Fall TNM; 30/90, SD/30"]
[Site "San Francisco"]
[Date "2014.11.04"]
[Round "3.26"]
[White "Newey, Richard"]
[Black "Hood, Bryan"]
[Result "1-0"]
[WhiteElo "1747"]
[BlackElo "1352"]
[Annotator "Donaldson"]
[PlyCount "73"]
[EventDate "2014.??.??"]

1. e4 e5 2. Nf3 Nc6 3. Nc3 Bc5 4. Nxe5 Bxf2+ 5. Kxf2 Nxe5 6. Be2 c5 7. Rf1 Nf6
8. d4 cxd4 9. Qxd4 Qb6 10. Qxb6 axb6 11. Bf4 d6 12. Rad1 Ke7 13. Kg1 h6 14. Rd2
Rd8 15. Be3 Be6 16. Bxb6 Rd7 17. b3 d5 18. exd5 Nxd5 19. Nxd5+ Bxd5 20. Bc5+
Ke8 21. Bb5 Bc6 22. Bxc6 bxc6 23. Re2 f6 {Diagram #} 24. a4 (24. Rxe5+ $1)
24... Rd5 25. Bb4 Rad8 26. Bc3 Kd7 27. Bxe5 Rxe5 28. Rxe5 fxe5 29. Rd1+ Kc7 30.
Rxd8 Kxd8 31. Kf2 Kc7 32. Ke3 Kb6 33. b4 c5 34. c3 g5 35. Ke4 cxb4 36. cxb4 g4
37. g3 1-0

[Event "Mechanics' SummerTNM; 30/90, SD/30"]
[Site "San Francisco"]
[Date "2014.06.17"]
[Round "4.22"]
[White "Newey, Richard"]
[Black "Louie, Henry"]
[Result "1-0"]
[WhiteElo "1796"]
[BlackElo "1517"]
[Annotator "Donaldson"]
[PlyCount "57"]
[EventDate "2014.??.??"]

1. e4 e5 2. Nf3 Nf6 (2... Nc6 3. Bb5 d6 (3... a6 4. Ba4 d6) 4. d4) 3. Nc3 Nc6
4. Bb5 d6 5. d4 Bd7 6. d5 (6. O-O Be7 7. Re1 (7. Bxc6 Bxc6 8. dxe5 dxe5 9.
Qxd8+ Rxd8 10. Nxe5 Bxe4 11. Nxe4 Nxe4 12. Re1 Nf6 $14) 7... O-O $2 (7... exd4)
8. Bxc6 Bxc6 9. dxe5 dxe5 10. Qxd8 Raxd8 11. Nxe5 Bxe4 12. Nxe4 Nxe4 13. Nd3 f5
14. f3 Bc5+ 15. Nxc5 (15. Kh1 Nf2+) (15. Kf1 Bb6) 15... Nxc5 16. Bg5 Rd5 17.
Be7 Re8 18. c4) 6... Ne7 7. Bg5 a6 (7... Bxb5 8. Nxb5 $2 Nxe4) (7... Bxb5 8.
Bxf6 Bd7 $11) 8. Bd3 Ng6 9. Qd2 h6 10. Be3 Ng4 11. Ne2 Nxe3 12. fxe3 Be7 13.
Ng3 Bh4 14. Nxh4 Nxh4 15. O-O Ng6 16. Nf5 O-O 17. Rf3 Bb5 $2 (17... Ne7) 18.
Rg3 Bxd3 19. cxd3 c5 20. Rf1 b5 21. Qe2 Ra7 22. Qh5 Rd7 {Diagram #} 23. Nxh6+
gxh6 24. Qxh6 Qe7 25. Rh3 f6 26. Qxg6+ Qg7 27. Qf5 Qf7 28. Rff3 Qe7 29. Rfg3+
1-0

[Event "Mechanics' Spring TNM; 30/90, SD/30"]
[Site "San Francisco"]
[Date "2014.04.15"]
[Round "5.23"]
[White "Newey, Richard"]
[Black "McKellar, Daniel"]
[Result "1-0"]
[WhiteElo "1807"]
[BlackElo "1415"]
[Annotator "Donaldson"]
[PlyCount "41"]
[EventDate "2014.??.??"]

1. e4 e6 2. d4 d5 3. Nd2 Nf6 4. e5 Nfd7 5. Bd3 c5 6. c3 Nc6 7. Ne2 cxd4 8. cxd4
f6 9. f4 $6 (9. exf6) 9... Be7 $6 (9... fxe5 10. dxe5 (10. fxe5 Nxd4 11. Nxd4
Qh4+) 10... Bc5 $15) 10. O-O O-O 11. Nf3 fxe5 12. fxe5 Nb4 $6 13. Bb1 b6 $2 14.
a3 Nc6 {Diagram #} (14... Na6 15. Nf4 Ndb8 16. Qc2 Rf5 17. g4 $18) 15. Qc2 g6
16. Qxc6 Ba6 17. Qxe6+ Kh8 18. Rf2 Rc8 19. Bh6 Bxe2 20. Rxe2 Rc1+ 21. Bxc1 1-0